A psychological interpretation of the golden ass of Apuleius /

Bibliographic Details
Main Author: Franz, Marie-Luise von, 1915-1998
Format: Book
Language:English
Published: Irving, Tex. : Spring Publications, University of Dallas, 1980.
Edition:2nd. ed., completely rev.
Series:Seminar series (Spring Publications, Inc.) ; 3.
Subjects:

MARC

Tag First Indicator Second Indicator Subfields
LEADER 00000cam a2200000 a 4500
001 in00000086766
005 20151008062743.0
008 800903s1980 txua b 00010 eng d
020 |a 0882141031 
035 |a (OCoLC)06677600 
035 |9 AAK0866AM 
040 |a CSJ  |c CSJ  |d m.c.  |d OCL  |d TXA  |d UtOrBLW 
049 |a TXAM  |c [1655834] 
090 |a PA6217  |b  F7213 1980 
100 1 |a Franz, Marie-Luise von,  |d 1915-1998. 
240 1 2 |a L'ane d'or: interpretation d'un conte.  |l English 
245 1 2 |a A psychological interpretation of the golden ass of Apuleius /  |c  by Marie-Louise von Franz. 
250 |a 2nd. ed., completely rev. 
264 1 |a Irving, Tex. :  |b Spring Publications, University of Dallas,  |c  1980. 
300 |a 218 pages :  |b illustrations ;  |c 23 cm. 
336 |a text  |b txt  |2 rdacontent 
337 |a unmediated  |b n  |2 rdamedia 
338 |a volume  |b nc  |2 rdacarrier 
490 1 |a Seminar series / Spring Publications ;  |v 3 
500 |a "... presented as a series of seven lectures at the C.G. Jung Institute Zurich during the autumn of 1966." 
500 |a "Present edition ... based upon a French translation (of the 1970 edition) with emendations and additions by the author; Joni Caldwell collated and translated the changes from the French, assisted by Kathleeen Burke." 
500 |a Cover title : An interpretation of Apuleius' golden ass, with the tale of Eros and Psyche. 
500 |a Translation of: L'ane d'or: interpretation d'un conte."." 
504 |a Includes bibliographical references. 
600 0 0 |a Apuleius.  |t Metamorphoses. 
740 3 |a An interpretation of Apuleius' golden ass, with the tale of Eros and Psyche. 
740 0 |a Eros and Psyche. 
830 0 |a Seminar series (Spring Publications, Inc.) ;  |v 3. 
999 |a MARS 
999 f f |s 8dc24cc6-87ed-3d42-8471-a440ed9f4ae1  |i 6dd40a27-3124-3764-b136-9cb5895f9a4d  |t 0 
952 f f |p ric  |a Texas A&M University  |b Rellis Campus  |c Joint Library Facility  |s JLF  |d Remote Storage  |t 0  |e PA6217 F7213 1980  |h Library of Congress classification  |i unmediated -- volume  |m A14805979366 
998 f f |a PA6217 F7213 1980  |t 0  |l Remote Storage